000 00991nam a22002537a 4500
003 DO-SdBNP
005 20210504114805.0
007 ta
008 210504e2018 dr aa||gr|||| 00| 0dspa d
020 _a9789945168761
040 _aDO-SdBNP
_bspa
_cBNPHU
041 _hspa
082 _aH557e
100 1 _965483
_aHernández Leonardo, Dionicio
245 1 3 _aLa extensión universitaria :
_bun mecanismo de la redistribución del conocimiento en la sociedad. lineamientos generales de un programa de gestión /
_cDionicio Hernández Leonardo; Rafael Nino Féliz, prólogo
246 1 1 _aLineamientos generales de un programa de gestión
260 _aSanto Domingo:
_bBúho,
_c2018
300 _a69 p.;
_bil.,
_c21 cm
500 _aIncluye bibliografía y notas al pié de página.
504 _aBibliografía, p. 67-69
700 1 2 _925285
_aFéliz, Rafael Nino,
_d1954-
_eprólogo
700 1 2 _aCruz, Josús Alberto, de la
_ediseño de cubierta y diagramación.
_978547
942 _2ddc
_cLBS1
999 _c49801
_d49801